Introducción a la Lactología

Bibliographic Details
Main Authors: Keating, Patrick Francis, Rodríguez Homero, Gaona
Format: Section = Libro
Language:Undetermined
Spanish
Published: Limusa 1999
Edition:2a.ed
Subjects:
LEADER 00561nam a2200217Ia 4500
008 240830s9999 xx 000 0 und d
020 |a 681853946 
040 |a CEDOC FIQ-RUSB / 637.14 K25 
041 |a spa 
082 |a 637.14 K25 
100 1 |a Keating, Patrick Francis 
100 1 |b Rodríguez Homero, Gaona 
245 1 0 |a Introducción a la Lactología 
250 |a 2a.ed 
260 |b Limusa  |c 1999 
300 |a 316 p.: il. 
650 7 |a PRODUCTOS LACTEOS 
650 7 |b  PROCESAMIENTO DE PRODUCTOS LACTEOS 
942 |c BK  |2 ddc 
991 |a TEXTO 
999 |c 27208